000 01055nam a2200265Ia 4500
003 OSt
005 20220923211214.0
006 a|||||r|||| 00| 0
007 ta
008 220922b |||||||| |||| 00| 0 hin d
020 _a9788126316694 (hbk)
_c100
024 _a246,120
037 _b0/00922-D5, 08/03/2011, Bharatiya Gyanpith
_cTextual
040 _aARTS
_cARTS
_bhin
041 _2hin
_ahin
082 _aO152,4N26x, P9
100 _aपुष्पा भारती
_9159617
245 0 _aधर्मवीर भारती के पत्र
_b पुष्पा भारती के नाम
246 _aDharmavīr bhāratī ke patra: puṣhpā bhāratī ke nāma
260 _aनयी दिल्ली
_b भारतीय ज्ञानपीठ
_c2009
300 _a86पृ.
_ccm.
490 _aलोकोदय ग्रन्थमाला; 972
942 _hO152,4N26x, P9
_cTEXL
_2CC
999 _c296820
_d296820